| Tag |
First Indicator |
Second Indicator |
Subfields |
| LEADER |
00000nam a2200000Ia 4500 |
| 001 |
in00004184913 |
| 005 |
20200807085520.0 |
| 006 |
m g d |
| 007 |
cr bn |||a|bb| |
| 008 |
160720s1638 enk o 000 0 eng d |
| 040 |
|
|
|a UMI
|e dcrmb
|c UMI
|
| 035 |
|
|
|a (OCoLC)953793158
|
| 037 |
|
|
|a CL0036000094
|b ProQuest, 789 E. Eisenhower Parkway, Ann Arbor, MI 48108-3218
|
| 050 |
|
4 |
|a PA2061
|
| 049 |
|
|
|a UMIA
|
| 100 |
1 |
|
|a Brinsley, John,
|d active 1581-1624.
|
| 245 |
1 |
4 |
|a The posing of the parts, or, A most plain and easie way of examining the accidence and grammar, by questions and answers, arising directly out of the words of the rules :
|b wherby all schollers may attain most speedily to the perfect learning, full understanding, and right use thereof, for their happy proceeding in the Latine tongue : gathered purposely for the benefit of schools, and for the use and delight of masters and schollers.
|
| 246 |
3 |
0 |
|a Most plain and easie way of examining the accidence and grammar, by questions and answers, arising directly out of the words of the rules
|
| 250 |
|
|
|a The ninth edition, corrected, and inlarged, with most of the necessary questions inserted, both out of our Latinr syntaxis and other autors, which are wanting in our English rules.
|
| 260 |
|
|
|a London :
|b Printed by Thomas Harper, and I. Raworth, for Philemon Stevens and Christopher Meredith, at the signe of the Golden Lion in Pauls Church-yard,
|c 1638.
|
| 300 |
|
|
|a 1 online resource ([8], 128 pages)
|
| 336 |
|
|
|a text
|b txt
|2 rdacontent
|
| 337 |
|
|
|a computer
|b c
|2 rdamedia
|
| 338 |
|
|
|a online resource
|b cr
|2 rdacarrier
|
| 500 |
|
|
|a Dedicatory epistle signed: Iohn Brinsley.
|
| 510 |
4 |
|
|a Pollard, A.W. Short-title catalogue of books printed in England, Scotland, and Ireland and of English books printed abroad, 1475-1640 (2nd edition),
|c 3772.2
|
| 510 |
4 |
|
|a English short title catalogue,
|c S91211
|
| 500 |
|
|
|a Reproduction of original in: Yale University Library.
|
| 533 |
|
|
|a Electronic reproduction.
|b Ann Arbor, Mich. :
|c UMI,
|d 1999-
|f (Early English books online)
|n Digital version of: (Early English Books, 1475-1640 ; 2455:4)
|7 s1999 miun s
|
| 650 |
|
0 |
|a Latin language
|x Instruction and study
|v Early works to 1800.
|
| 650 |
|
0 |
|a Latin language
|x Syntax
|v Early works to 1800.
|
| 655 |
|
7 |
|a Questions and answers.
|2 rbgenr
|
| 700 |
1 |
|
|a Harper, Thomas,
|d -1656,
|e printer.
|
| 700 |
1 |
|
|a Raworth, John,
|d -1645,
|e printer.
|
| 700 |
1 |
|
|a Stevens, Philemon,
|e bookseller.
|
| 700 |
1 |
|
|a Meredith, Christopher,
|d -1653,
|e bookseller.
|
| 752 |
|
|
|a Great Britain
|b England
|d London.
|
| 830 |
|
0 |
|a Early English books online.
|
| 856 |
4 |
0 |
|u http://proxy.library.tamu.edu/login?url=https://search.proquest.com/docview/2248501877
|z Connect to the full text of this electronic book
|t 0
|
| 994 |
|
|
|a C0
|b UMI
|
| 999 |
f |
f |
|s 60f3b554-00d4-32a5-976c-b62edabaecda
|i 0add42fd-de2f-33fa-81ba-5d69628e7481
|t 0
|
| 952 |
f |
f |
|a Texas A&M University
|b College Station
|c Electronic Resources
|d Available Online
|t 0
|e PA2061
|h Library of Congress classification
|
| 998 |
f |
f |
|a PA2061
|t 0
|l Available Online
|